[Event "Azerbaijan Championship 2022"]
[Site "Nakhchivan"]
[Date "2022.02.06"]
[Round "2.7"]
[White "Shahaliyev, Ismayil"]
[Black "Manafov, Vugar"]
[Result "1-0"]
[WhiteElo "2380"]
[BlackElo "2299"]
[Annotator "ChessBase"]
[PlyCount "93"]
[EventDate "2022.02.05"]
[EventCountry "AZE"]
[SourceTitle "playchess.com"]
[Source "ChessBase"]
[SourceQuality "1"]
[TimeControl "40/5400+30:1800+30"]

1. d4 {[%emt 0:00:28]} Nf6 {[%emt 0:00:06]} 2. c4 {[%emt 0:00:10]} e6 {[%emt 0:00:10]} 3. g3 {[%emt 0:00:06]} Bb4+ {[%emt 0:00:34]} 4. Bd2 {[%emt 0:00:33]} a5 {[%emt 0:00:49]} 5. Bg2 {[%emt 0:00:07]} d5 {[%emt 0:00:42]} 6. Nf3 {[%emt 0:00:09]} O-O {[%emt 0:01:54]} 7. O-O {[%emt 0:00:21]} Nbd7 {[%emt 0:00:27]} 8. Qc2 {[%emt 0:00:19]} c6 {[%emt 0:00:21]} 9. Bf4 {[%emt 0:00:08]} Be7 {[%emt 0:00:10]} 10. Rd1 {[%emt 0:00:13]} Nh5 {[%emt 0:04:36]} 11. Bc1 {[%emt 0:05:28]} f5 {[%emt 0:01:50]} 12. b3 {[%emt 0:01:15]} Nhf6 {[%emt 0:06:01]} 13. Ba3 {[%emt 0:00:10]} a4 {[%emt 0:05:04]} 14. Bxe7 {[%emt 0:02:23]} Qxe7 {[%emt 0:00:07]} 15. Nc3 {[%emt 0:00:20]} a3 {[%emt 0:06:05]} 16. e3 {[%emt 0:10:58]} Ne4 {[%emt 0:06:23]} 17. Rab1 {[%emt 0:15:14]} b5 {[%emt 0:15:28]} 18. cxb5 {[%emt 0:34:53]} cxb5 {[%emt 0:01:27]} 19. Rbc1 {[%emt 0:00:04]} Ba6 {[%emt 0:07:48]} 20. Nxe4 {[%emt 0:00:11]} fxe4 {[%emt 0:00:41]} 21. Ne1 {[%emt 0:03:39]} b4 {[%emt 0:10:06]} 22. Qd2 {[%emt 0:00:41]} Rac8 {[%emt 0:05:50]} 23. Bh3 {[%emt 0:03:51]} Qd6 {[%emt 0:09:06]} 24. Rxc8 {[%emt 0:02:07]} Rxc8 {[%emt 0:00:06]} 25. Rc1 {[%emt 0:00:05]} Rf8 {[%emt 0:11:22]} 26. Rc2 {[%emt 0:07:10]} h5 {[%emt 0:03:16]} 27. Qd1 {[%emt 0:03:48]} Nf6 {[%emt 0:00:06]} 28. Qc1 {[%emt 0:00:14]} Bb5 {[%emt 0:03:23]} 29. Rc8 {[%emt 0:00:11]} Rxc8 {[%emt 0:00:29]} 30. Qxc8+ {[%emt 0:00:03]} Kf7 {[%emt 0:00:00]} 31. Nc2 {[%emt 0:05:02]} Nd7 {[%emt 0:01:01]} 32. Qb7 {[%emt 0:01:33]} Bd3 {[%emt 0:00:25]} 33. Nxb4 {[%emt 0:00:42]} Bb1 {[%emt 0:00:04]} 34. Na6 {[%emt 0:02:34]} Kg6 {[%emt 0:01:01]} 35. Nb4 {[%emt 0:01:17]} Kh7 {[%emt 0:00:30]} 36. Qb5 {[%emt 0:00:41]} h4 {[%emt 0:00:30]} 37. Qa5 {[%emt 0:00:57]} e5 {[%emt 0:00:31]} 38. Bf5+ {[%emt 0:00:31]} g6 {[%emt 0:00:23]} 39. Bxd7 {[%emt 0:00:23]} Qxd7 {[%emt 0:00:17]} 40. Nxd5 {[%emt 0:00:00]} Qc6 {[%emt 0:00:00]} 41. Nc3 {[%emt 0:13:30]} exd4 {[%emt 0:01:16]} 42. Qa7+ {[%emt 0:01:48]} Kg8 {[%emt 0:01:14]} 43. Qxd4 {[%emt 0:00:07]} h3 {[%emt 0:00:26]} 44. Kf1 {[%emt 0:05:47]} Kh7 {[%emt 0:05:26]} 45. Ke1 {[%emt 0:00:33]} Bxa2 {[%emt 0:02:56]} 46. Nxa2 {[%emt 0:00:27]} Qc2 {[%emt 0:00:03]} 47. Qa7+ {[%emt 0:00:24]} 1-0

[Event "Azerbaijan Championship 2022"]
[Site "Nakhchivan"]
[Date "2022.02.06"]
[Round "2.8"]
[White "Bayramov, Zaur"]
[Black "Atakishiyev, Elmar"]
[Result "1/2-1/2"]
[WhiteElo "2357"]
[BlackElo "2240"]
[Annotator "TA"]
[PlyCount "93"]
[EventDate "2022.02.05"]
[EventCountry "AZE"]
[SourceTitle "playchess.com"]
[Source "ChessBase"]
[SourceQuality "1"]

{[%evp 17,93,0,0,0,0,3,12,3,0,0,29,16,50,0,35,37,35,29,31,32,34,0,26,25,42,42,42,33,14,16,20,22,33,13,73,24,23,23,28,25,30,20,19,8,94,133,120,135,113,125,109,95,98,94,87,87,127,117,91,91,91,91,145,64,84,0,0,0,0,0,0,0,0,0,0,0,0,0]} 1. c4 Nf6 2. Nf3 g6 3. Nc3 d5 4. cxd5 Nxd5 5. d3 Bg7 6. Bd2 O-O 7. g3 Nc6 {[%cal Bb8c6,Bc6d4,Bd4e6][%mdl 32]} 8. Bg2 Nb6 9. O-O e5 10. Rc1 {A16: English Opening: 1...Nf6 with ...d5.} h6 11. Na4 Nd4 12. Nc5 c6 13. b4 {[#]} a6 $146 ({Predecessor:} 13... Qe7 14. e3 Ne6 15. Bc3 Nxc5 16. bxc5 Nd5 17. Ba1 Rd8 18. Qa4 Nc7 19. Rfd1 Bf5 {1-0 (45) Shetty,A (2431)-Corrales Jimenez,F (2549) Philadelphia 2019}) 14. a4 Qe7 15. e3 ({White should play} 15. Re1 $14) 15... Ne6 16. Qc2 Rd8 17. Rfd1 Nd5 18. e4 Ndc7 19. Nxe6 Bxe6 20. h3 $1 {Prevents Bg4.} Qd7 21. Bc3 $1 Bxh3 22. Nxe5 Qe6 {[#] Threatens to win with ...Bxg2.} 23. f4 {[%cal Of4f5]} Bxg2 24. Kxg2 Re8 25. Qf2 Qe7 {[#]} (25... Rad8 $11 {remains equal.}) 26. Qc5 {White is much more active. Black has bad knights.} (26. Qb2 $1 $16) 26... Rad8 $11 27. Qxe7 Rxe7 28. Kf3 Kh7 29. Ba1 h5 30. d4 {[%cal Bd3d4,Bd4e5][%mdl 32]} Bxe5 (30... f6 $11) 31. dxe5 $16 Red7 32. Rxd7 Rxd7 {[%mdl 4096] Endgame KRB-KRN} 33. Ke3 {Prevents Rd3+.} Kg8 34. Bd4 Ne6 35. Bb6 Ng7 36. Rb1 Kf8 37. b5 cxb5 38. axb5 axb5 39. Rxb5 Kg8 ({Black should try} 39... Ke7) 40. Bc5 (40. Rc5 $16) 40... Rc7 41. Bd6 (41. Ra5 $16) 41... Rc3+ $11 {The position is equal.} 42. Kf2 Rc2+ 43. Kg1 Rc1+ 44. Kh2 Rc2+ 45. Kg1 Rc1+ 46. Kh2 Rc2+ 47. Kg1 {Weighted Error Value: White=0.12 (very precise) /Black=0.15 (very precise)} 1/2-1/2

[Event "Azerbaijan Championship 2022"]
[Site "Nakhchivan"]
[Date "2022.02.06"]
[Round "2.10"]
[White "Mustafayev, Farid"]
[Black "Bayramov, Elvin"]
[Result "0-1"]
[WhiteElo "2322"]
[BlackElo "2280"]
[Annotator "ChessBase"]
[PlyCount "100"]
[EventDate "2022.02.05"]
[EventCountry "AZE"]
[SourceTitle "playchess.com"]
[Source "ChessBase"]
[SourceQuality "1"]
[TimeControl "40/5400+30:1800+30"]

1. d4 {[%emt 0:00:01]} d5 {[%emt 0:00:08]} 2. c4 {[%emt 0:00:05]} c6 {[%emt 0:00:05]} 3. Nf3 {[%emt 0:00:10]} Nf6 {[%emt 0:00:06]} 4. Nc3 {[%emt 0:00:23]} e6 {[%emt 0:00:14]} 5. cxd5 {[%emt 0:00:59]} exd5 {[%emt 0:01:31]} 6. Bg5 {[%emt 0:00:14]} Bd6 {[%emt 0:05:14]} 7. e3 {[%emt 0:00:14]} h6 {[%emt 0:00:35]} 8. Bh4 {[%emt 0:00:07]} Qb6 {[%emt 0:03:42]} 9. Qc1 {[%emt 0:00:29]} Bf5 {[%emt 0:01:28]} 10. Be2 {[%emt 0:00:46]} Ne4 {[%emt 0:00:57]} 11. O-O {[%emt 0:03:35]} g5 {[%emt 0:00:51]} 12. Bg3 {[%emt 0:00:28]} Nxg3 {[%emt 0:01:13]} 13. hxg3 {[%emt 0:00:16]} Nd7 {[%emt 0:01:51]} 14. Qd2 {[%emt 0:06:04]} Be4 {[%emt 0:12:30]} 15. Rac1 {[%emt 0:07:17]} Qd8 {[%emt 0:02:08]} 16. Ne5 {[%emt 0:13:26]} Nxe5 {[%emt 0:04:29]} 17. dxe5 {[%emt 0:00:30]} Bxe5 {[%emt 0:00:32]} 18. Nxe4 {[%emt 0:00:07]} dxe4 {[%emt 0:00:05]} 19. Qb4 {[%emt 0:00:03]} Qe7 {[%emt 0:02:39]} 20. Qxe4 {[%emt 0:00:15]} Bg7 {[%emt 0:06:05]} 21. Qc2 {[%emt 0:06:35]} h5 {[%emt 0:05:46]} 22. Qa4 {[%emt 0:07:15]} Kf8 {[%emt 0:06:27]} 23. Rcd1 {[%emt 0:09:46]} g4 {[%emt 0:14:22]} 24. Rd2 {[%emt 0:02:53]} b5 {[%emt 0:15:52]} 25. Qa6 {[%emt 0:03:23]} Rh6 {[%emt 0:00:10]} 26. Rfd1 {[%emt 0:02:45]} Be5 {[%emt 0:05:40]} 27. Rd7 {[%emt 0:03:10]} Qf6 {[%emt 0:01:11]} 28. Rxa7 {[%emt 0:03:34]} Rxa7 {[%emt 0:00:47]} 29. Qxa7 {[%emt 0:00:06]} Kg7 {[%emt 0:02:41]} 30. b3 {[%emt 0:04:40]} h4 {[%emt 0:01:04]} 31. Bxg4 {[%emt 0:00:48]} hxg3 {[%emt 0:01:09]} 32. f4 {[%emt 0:01:03]} Rh4 {[%emt 0:04:24]} 33. Qd7 {[%emt 0:01:38]} Bb8 {[%emt 0:00:28]} 34. Bh3 {[%emt 0:02:16]} Qb2 {[%emt 0:00:31]} 35. Rf1 {[%emt 0:03:42]} Qc3 {[%emt 0:00:22]} 36. Qe7 {[%emt 0:02:36]} Rh6 {[%emt 0:00:10]} 37. Bf5 {[%emt 0:01:24]} Rf6 {[%emt 0:00:55]} 38. Bb1 {[%emt 0:04:20]} Bd6 {[%emt 0:00:07]} 39. Qe4 {[%emt 0:00:14]} Bc5 {[%emt 0:00:20]} 40. Qh7+ {[%emt 0:00:00]} Kf8 {[%emt 0:00:00]} 41. Bf5 {[%emt 0:06:13]} Qxe3+ {[%emt 0:05:06]} 42. Kh1 {[%emt 0:00:12]} Qe2 {[%emt 0:00:46]} 43. Rb1 {[%emt 0:03:20]} Bf2 {[%emt 0:06:31]} 44. Qh8+ {[%emt 0:03:04]} Ke7 {[%emt 0:00:42]} 45. Qh4 {[%emt 0:00:01]} Be1 {[%emt 0:08:19]} 46. Bd3 {[%emt 0:00:12]} Qe3 {[%emt 0:00:18]} 47. Rd1 {[%emt 0:02:13]} Bc3 {[%emt 0:02:10]} 48. a4 {[%emt 0:03:46]} Qxf4 {[%emt 0:01:17]} 49. Qxf4 {[%emt 0:01:11]} Rxf4 {[%emt 0:00:01]} 50. axb5 {[%emt 0:00:07]} cxb5 {[%emt 0:01:13]} 0-1

[Event "Azerbaijan Championship 2022"]
[Site "Nakhchivan"]
[Date "2022.02.06"]
[Round "2.11"]
[White "Babayev, Talib"]
[Black "Ilyasli, Ughur"]
[Result "0-1"]
[WhiteElo "2256"]
[BlackElo "2310"]
[Annotator "ChessBase"]
[PlyCount "44"]
[EventDate "2022.02.05"]
[EventCountry "AZE"]
[SourceTitle "playchess.com"]
[Source "ChessBase"]
[SourceQuality "1"]
[TimeControl "40/5400+30:1800+30"]

1. d4 {[%emt 0:00:03]} Nf6 {[%emt 0:00:14]} 2. c4 {[%emt 0:00:08]} g6 {[%emt 0:00:16]} 3. Nc3 {[%emt 0:00:09]} Bg7 {[%emt 0:00:15]} 4. e4 {[%emt 0:00:09]} d6 {[%emt 0:00:15]} 5. Be2 {[%emt 0:00:10]} O-O {[%emt 0:00:17]} 6. g4 {[%emt 0:00:10]} c5 {[%emt 0:00:14]} 7. g5 {[%emt 0:00:09]} Ne8 {[%emt 0:00:29]} 8. d5 {[%emt 0:00:08]} e6 {[%emt 0:00:17]} 9. h4 {[%emt 0:00:36]} exd5 {[%emt 0:00:06]} 10. cxd5 {[%emt 0:00:06]} Qe7 {[%emt 0:00:06]} 11. f3 {[%emt 0:00:20]} f5 {[%emt 0:12:31]} 12. gxf6 {[%emt 0:00:55]} Nxf6 {[%emt 0:03:32]} 13. Nh3 {[%emt 0:07:11]} Nh5 {[%emt 0:09:10]} 14. Bg5 {[%emt 0:13:53]} Qf7 {[%emt 0:02:18]} 15. Be3 {[%emt 0:16:20]} h6 {[%emt 0:20:37]} 16. Qd2 {[%emt 0:14:59]} Ng3 {[%emt 0:06:36]} 17. Rh2 {[%emt 0:00:06]} Bxc3 {[%emt 0:10:13]} 18. bxc3 {[%emt 0:04:35]} Nxe2 {[%emt 0:00:10]} 19. Qxe2 {[%emt 0:00:09]} Qxf3 {[%emt 0:01:10]} 20. Nf2 {[%emt 0:00:19]} Qg3 {[%emt 0:02:12]} 21. Rh1 {[%emt 0:00:21]} Bg4 {[%emt 0:02:49]} 22. Qd2 {[%emt 0:10:16]} Nd7 {[%emt 0:00:34]} 0-1

[Event "Azerbaijan Championship 2022"]
[Site "Nakhchivan"]
[Date "2022.02.06"]
[Round "2.12"]
[White "Talibov, Shiroghlan"]
[Black "Mammadov, Sadig"]
[Result "0-1"]
[WhiteElo "2307"]
[BlackElo "2220"]
[Annotator "ChessBase"]
[PlyCount "96"]
[EventDate "2022.02.05"]
[EventCountry "AZE"]
[SourceTitle "playchess.com"]
[Source "ChessBase"]
[SourceQuality "1"]
[TimeControl "40/5400+30:1800+30"]

1. e4 {[%emt 0:01:40]} e6 {[%emt 0:00:10]} 2. d4 {[%emt 0:00:04]} d5 {[%emt 0:00:04]} 3. Nc3 {[%emt 0:00:03]} Bb4 {[%emt 0:00:06]} 4. Bd2 {[%emt 0:00:31]} Bxc3 {[%emt 0:00:18]} 5. bxc3 {[%emt 0:00:14]} Ne7 {[%emt 0:03:54]} 6. Bd3 {[%emt 0:01:49]} c5 {[%emt 0:00:49]} 7. e5 {[%emt 0:05:31]} c4 {[%emt 0:01:23]} 8. Be2 {[%emt 0:00:12]} Qa5 {[%emt 0:00:26]} 9. a4 {[%emt 0:03:04]} Bd7 {[%emt 0:01:27]} 10. Qb1 {[%emt 0:00:08]} b6 {[%emt 0:01:01]} 11. Qb4 {[%emt 0:02:11]} Nbc6 {[%emt 0:03:56]} 12. Qa3 {[%emt 0:01:38]} Rb8 {[%emt 0:03:12]} 13. Nf3 {[%emt 0:11:45]} b5 {[%emt 0:01:51]} 14. O-O {[%emt 0:01:16]} bxa4 {[%emt 0:01:15]} 15. Bg5 {[%emt 0:08:32]} h6 {[%emt 0:08:55]} 16. Bxe7 {[%emt 0:00:48]} Nxe7 {[%emt 0:00:11]} 17. Rfb1 {[%emt 0:00:02]} Rb6 {[%emt 0:01:33]} 18. Nd2 {[%emt 0:02:27]} Nc8 {[%emt 0:04:01]} 19. f4 {[%emt 0:03:17]} Kd8 {[%emt 0:07:57]} 20. h4 {[%emt 0:10:44]} Rxb1+ {[%emt 0:10:26]} 21. Rxb1 {[%emt 0:00:19]} Qc7 {[%emt 0:00:01]} 22. Nf1 {[%emt 0:05:39]} Be8 {[%emt 0:01:04]} 23. f5 {[%emt 0:14:30]} Qe7 {[%emt 0:01:32]} 24. Qc1 {[%emt 0:00:28]} Nb6 {[%emt 0:11:31]} 25. Qf4 {[%emt 0:02:13]} g5 {[%emt 0:02:10]} 26. Qf2 {[%emt 0:06:12]} gxh4 {[%emt 0:02:29]} 27. Ne3 {[%emt 0:03:26]} h5 {[%emt 0:00:21]} 28. f6 {[%emt 0:01:33]} Qa3 {[%emt 0:00:44]} 29. Qe1 {[%emt 0:00:03]} h3 {[%emt 0:06:05]} 30. Ra1 {[%emt 0:00:24]} Qf8 {[%emt 0:00:53]} 31. gxh3 {[%emt 0:00:46]} Qh6 {[%emt 0:00:33]} 32. Qg3 {[%emt 0:02:32]} Rg8 {[%emt 0:03:29]} 33. Qxg8 {[%emt 0:00:19]} Qxe3+ {[%emt 0:00:01]} 34. Kf1 {[%emt 0:00:45]} Qxh3+ {[%emt 0:00:12]} 35. Kf2 {[%emt 0:01:17]} Qxc3 {[%emt 0:00:28]} 36. Rd1 {[%emt 0:00:10]} a3 {[%emt 0:04:03]} 37. Qf8 {[%emt 0:06:01]} Nc8 {[%emt 0:00:06]} 38. Qh6 {[%emt 0:01:51]} a2 {[%emt 0:01:25]} 39. Qc1 {[%emt 0:00:03]} h4 {[%emt 0:00:35]} 40. Bf3 {[%emt 0:00:00]} Ba4 {[%emt 0:00:00]} 41. Qa1 {[%emt 0:04:48]} Qxc2+ {[%emt 0:01:07]} 42. Ke3 {[%emt 0:00:27]} c3 {[%emt 0:02:40]} 43. Qc1 {[%emt 0:00:28]} Qb2 {[%emt 0:01:53]} 44. Rg1 {[%emt 0:00:39]} Nb6 {[%emt 0:03:03]} 45. Be2 {[%emt 0:00:05]} Bc2 {[%emt 0:01:08]} 46. Bd3 {[%emt 0:00:38]} Bb1 {[%emt 0:00:49]} 47. Qxb2 {[%emt 0:00:16]} cxb2 {[%emt 0:00:07]} 48. Rxb1 {[%emt 0:00:01]} a1=Q {[%emt 0:00:12]} 0-1

[Event "Azerbaijan Championship 2022"]
[Site "Nakhchivan"]
[Date "2022.02.07"]
[Round "3.1"]
[White "Iskandarov, Misratdin"]
[Black "Durarbayli, Vasif"]
[Result "1/2-1/2"]
[WhiteElo "2566"]
[BlackElo "2615"]
[Annotator "TA"]
[PlyCount "63"]
[EventDate "2022.02.05"]
[EventCountry "AZE"]
[SourceTitle "playchess.com"]
[Source "ChessBase"]
[SourceQuality "1"]

{[%evp 13,63,0,9,0,0,7,23,18,26,20,27,21,19,12,15,-2,2,0,0,0,0,0,0,0,0,0,0,0,1,0,0,0,9,5,22,24,22,13,19,23,18,14,27,12,37,10,10,0,36,0,18,0]} 1. c4 c6 2. e4 d5 3. exd5 cxd5 4. cxd5 Nf6 5. Nc3 Nxd5 6. Nf3 Nc6 7. d4 a6 8. Bc4 {B13: Caro-Kann: Exchange Variation and Panov-Botvinnik Attack.} Be6 $1 {[#] ...Nxc3 is the strong threat. The main line 8...Be6 scores better than 8...e6.} 9. Bb3 Nxc3 10. bxc3 {White has an edge.} Bxb3 11. axb3 {Black must now prevent d5.} e6 12. O-O Be7 13. Bf4 O-O 14. Re1 {[#]} Qd7 $146 ({Predecessor:} 14... b5 15. Ne5 Nxe5 16. Bxe5 Bf6 17. b4 Qd5 18. Qg4 Bxe5 19. Rxe5 Qb3 20. Rc5 a5 21. bxa5 Rxa5 {½-½ (49) Skripchenko,A (2438)-Maisuradze,N (2291) Nimes 2014}) 15. Qe2 Rfd8 16. Rad1 Qd5 17. c4 Qf5 18. Bc7 Rd7 19. Bb6 Bb4 20. Rf1 Ba5 21. Bxa5 Qxa5 22. Rd3 Rad8 {[%cal Rc6d4]} 23. Rfd1 g6 24. h4 Qf5 {[%cal Oe6e5]} 25. Qe3 {To avoid e5} Kg7 26. R3d2 h6 27. g3 Rd6 28. Kg2 R6d7 29. Qc3 {[#] Hoping for d5+.} Kh7 30. Qe3 Kg7 31. Qc3 {Strongly threatening d5+.} (31. h5 $5) 31... Kh7 32. Qe3 {An interesting draw.  Weighted Error Value: White=0.05 (flawless) /Black=0.04 (flawless)} 1/2-1/2

[Event "Azerbaijan Championship 2022"]
[Site "Nakhchivan"]
[Date "2022.02.07"]
[Round "3.2"]
[White "Mamedov, Nidjat"]
[Black "Suleymanli, Aydin"]
[Result "1-0"]
[WhiteElo "2604"]
[BlackElo "2530"]
[Annotator "TA"]
[PlyCount "77"]
[EventDate "2022.02.05"]
[EventCountry "AZE"]
[SourceTitle "playchess.com"]
[Source "ChessBase"]
[SourceQuality "1"]

{[%evp 10,77,14,22,22,19,27,25,34,22,35,31,36,31,30,39,75,68,64,66,67,68,194,197,202,224,224,212,227,214,173,216,189,120,216,150,164,125,145,152,151,160,197,181,181,199,404,129,122,127,130,130,121,122,121,118,183,161,191,191,190,179,183,173,182,152,143,149,157,143]} 1. e4 c6 2. d4 d5 3. e5 Bf5 4. Nd2 e6 5. Nb3 Nd7 6. Nf3 {[%cal Bg1f3,Bf3e1,Be1c2,Bc2e3][%mdl 32]} Qc7 {B12: Caro-Kann: Advance Variation.} 7. Be2 a6 8. O-O c5 {White has an edge.} 9. c3 c4 10. Nbd2 h6 {[#]} 11. Ne1 $146 ({Predecessor:} 11. Re1 Ne7 12. Nf1 Bh7 13. Ng3 Nf5 14. Nxf5 Bxf5 15. h3 Be7 16. Be3 b5 17. Qd2 {0-1 (49) Shuvalova,P (2489)-Keymer,V (2591) Chess.com INT 2021}) 11... Ne7 12. Nc2 g5 13. Ne3 Bg6 14. b3 {[%cal Rb3c4]} cxb3 15. c4 dxc4 ({Black should try} 15... bxa2 $14 16. cxd5 Nxd5) 16. Ndxc4 $18 {aiming for Nd6+.} Nc6 {[%cal Be7c6,Bc6e5,Be5c4][%mdl 32]} 17. Bb2 ({Less strong is} 17. axb3 Rd8 $11) 17... b5 18. Nd6+ Bxd6 19. exd6 Qxd6 20. d5 {[%cal Bd4d5,Bd5e6][%mdl 32]} Nce5 21. Qd4 ({Resist} 21. Qxb3 O-O $16) ({White should play} 21. axb3 $18 {Threatens to win with dxe6.} O-O 22. Qd4) 21... O-O (21... bxa2 $16 22. Rxa2 O-O) 22. f4 gxf4 23. Qxf4 Nc4 {...Qxf4 is the strong threat.} 24. Qxd6 {The board is on fire.} Nxd6 {[#]} 25. dxe6 Rae8 {[#]} 26. Bg4 {A strong pair of Bishops.} ({Don't play} 26. exd7 $6 Rxe3 27. Rfe1 Rd8 $14) 26... Nb6 27. axb3 f5 $2 (27... h5 {might work better.}) 28. Rxa6 $2 fxg4 $16 29. Rxf8+ Kxf8 30. Rxb6 Rxe6 31. Nxg4 {And now Ba3 would win.} Bf5 32. Ne5 {Black must now prevent g4.} Kg8 (32... Ke8 $16 33. Nf3 Be4) 33. h3 $18 {White is clearly better.} Bc2 34. b4 Bb3 35. Kh2 Bd5 36. Ba1 Kf8 37. Nd3 {Hoping for Nf4.} Bc4 38. Nc5 Re1 39. Bc3 {Weighted Error Value: White=0.16 (very precise) /Black=0.20 (precise)} 1-0

[Event "Azerbaijan Championship 2022"]
[Site "Nakhchivan"]
[Date "2022.02.07"]
[Round "3.3"]
[White "Safarli, Eltaj"]
[Black "Ahmadzada, Ahmad"]
[Result "1/2-1/2"]
[WhiteElo "2597"]
[BlackElo "2467"]
[Annotator "TA"]
[PlyCount "90"]
[EventDate "2022.02.05"]
[EventCountry "AZE"]
[SourceTitle "playchess.com"]
[Source "ChessBase"]
[SourceQuality "1"]

{[%evp 12,90,29,6,10,0,0,0,8,9,2,6,4,0,14,0,9,4,18,12,0,0,0,0,0,7,12,-8,-12,-2,0,0,0,0,0,1,10,-13,0,0,0,0,0,0,0,0,37,17,21,0,6,4,5,0,35,16,29,16,14,12,41,22,23,16,18,0,1,0,0,0,0,0,0,0,0,0,0,0,0,0,0]} 1. e4 e5 2. Bc4 Nf6 3. d3 c6 4. Nf3 d5 5. Bb3 Bb4+ 6. Bd2 Bxd2+ 7. Nbxd2 a5 {[#] Threatens to win with ...a4. C24: Bishop's Opening: 2...Nf6.} 8. c3 ({Don't go for} 8. Nxe5 $2 a4 9. O-O axb3 10. axb3 Rxa1 11. Qxa1 O-O $19) 8... Qc7 9. O-O {White wants to play exd5.} O-O 10. Re1 {[#]} Bg4 $146 ({Predecessor:} 10... Nbd7 11. exd5 cxd5 12. c4 d4 13. Ba4 b6 14. Qe2 Re8 15. Ne4 Nxe4 16. Qxe4 Bb7 17. Qf5 Bc8 18. Qe4 Bb7 19. Qf5 Bc8 20. Qe4 Bb7 {½-½ (20) Kribben,M (2660)-Dronov,A (2671) ICCF email 2016}) 11. exd5 cxd5 12. h3 ({Reject} 12. Rxe5 {[#]} Qxe5 $1 13. Nxe5 Bxd1 14. Bxd1 a4 $17) 12... Bxf3 13. Qxf3 Rd8 14. Ba4 Nbd7 15. Qg3 Nh5 16. Qe3 Nf4 17. g3 Ng6 18. h4 Nf6 19. Qg5 Qc8 20. Bd1 Qh3 21. Bf3 h6 22. Qe3 Ng4 23. Bxg4 Qxg4 24. Qf3 Qxf3 25. Nxf3 f6 26. h5 Ne7 27. d4 e4 28. Nh4 Kf7 29. f3 exf3 $1 30. Re3 Ra6 31. Rae1 Rd7 32. Rxf3 ({Don't play} 32. Nxf3 Nf5 33. Ne5+ fxe5 $15) 32... Rdd6 33. Rfe3 (33. Ng2 {is more complex.} b5 34. Kf2 b4 35. Nf4 Rab6 36. Rfe3) 33... Re6 34. Kf2 Rxe3 35. Rxe3 $11 {[%mdl 4096] Endgame KRN-KRN} a4 36. Kf3 Rb6 37. Re2 Rc6 {The position is equal.} 38. a3 Re6 39. Rxe6 Kxe6 {KN-KN} 40. Ng2 b5 41. Nf4+ Kd6 42. Nd3 Nc6 43. Kf4 Ne7 44. Nc5 Nc6 45. Nb7+ Kd7 {An interesting draw.  Weighted Error Value: White=0.05 (flawless) /Black=0.04 (flawless)} 1/2-1/2

[Event "Azerbaijan Championship 2022"]
[Site "Nakhchivan"]
[Date "2022.02.07"]
[Round "3.4"]
[White "Shahaliyev, Ismayil"]
[Black "Abbasov, Farid"]
[Result "1/2-1/2"]
[WhiteElo "2380"]
[BlackElo "2527"]
[Annotator "TA"]
[PlyCount "72"]
[EventDate "2022.02.05"]
[EventCountry "AZE"]
[SourceTitle "playchess.com"]
[Source "ChessBase"]
[SourceQuality "1"]

{[%evp 13,72,21,32,15,14,18,15,20,62,62,62,51,55,56,55,31,67,64,70,24,21,17,20,22,23,22,23,19,19,23,22,21,26,13,10,0,22,0,0,0,0,0,0,0,0,0,0,0,0,0,0,0,0,0,0,0,0,0,0,0,0]} 1. e4 e6 2. d4 d5 3. Nc3 Bb4 4. exd5 exd5 5. Bd3 Nc6 6. a3 Ba5 7. Nge2 Nge7 8. Bg5 {C01: French: Exchange Variation.} h6 9. Bh4 Be6 {[#]} 10. O-O $146 ({Predecessor:} 10. Qd2 Qd7 11. f3 Bf5 12. Bf2 Bxd3 13. cxd3 Bxc3 14. bxc3 O-O 15. O-O {½-½ (15) Waagener,U (2218)-Zahn,R (2109) Solingen 2014}) 10... Qd7 (10... Bxc3 $11 11. Nxc3 Qd7) 11. Na4 $14 Bb6 12. Nxb6 axb6 13. Bxe7 Nxe7 14. Nf4 O-O 15. Re1 Rae8 16. Qh5 {White is more active.} ({White should try} 16. Nxe6 $14 fxe6 17. c3) 16... Bg4 $11 17. Qh4 Nc6 {[#]} 18. Nxd5 $1 Qxd5 19. Qxg4 {Strongly threatening c3.} Qxd4 (19... Nxd4 {is more complex.} 20. h4 Re5 21. Rxe5 Qxe5 22. Rd1 Rd8) 20. Qxd4 Nxd4 21. Kf1 Rxe1+ 22. Rxe1 {[%mdl 4096] Endgame Threatens to win with Re7. KRB-KRN} Rd8 23. Re5 Kf8 {The position is equal.} 24. Re4 c6 25. f3 b5 26. Kf2 Rd6 27. Ke3 Ne6 28. Re5 f6 29. Rh5 Kf7 30. g3 Ke7 31. c3 Ng5 32. Be2 Re6+ 33. Kf2 Rd6 34. Ke3 {Prevents Rd2.} Re6+ 35. Kf2 Rd6 36. Ke3 {Inhibits Rd2.} Re6+ {Weighted Error Value: White=0.05 (flawless) /Black=0.04 (flawless)} 1/2-1/2